000
00363nam a22000977a 4500
008
110701t xxu||||| |||| 00| 0 eng d
010
_a
LCCF134
245
_a
Law Council of Uganda LCD 42 OF 1998 Begumisa Financial Service Limited Vs Sam Bitangaro
260
_c
1998
999
_c
4367
_d
4367